LEADER 02377nas 22006973a 450 001 996218635903316 005 20230224213018.0 011 $a1542-0361 035 $a(DE-599)ZDB2157098-X 035 $a(OCoLC)50742226 035 $a(CKB)991042728194604 035 $a(CONSER)--2002215205 035 $a(EXLCZ)99991042728194604 100 $a20021007a20039999 s-- a 101 0 $aeng 135 $aurcnu|||||||| 181 $ctxt$2rdacontent 182 $cc$2rdamedia 183 $acr$2rdacarrier 200 10$aJournal of map & geography libraries 210 $aBinghamton, N.Y. $cHaworth Press 300 $aRefereed/Peer-reviewed 311 $a1542-0353 517 3 $aJournal of map and geography libraries 531 $aJOURNAL OF MAP AND GEOGRAPHY LIBRARIES 531 $aJ MAP GEOGR LIBR 606 $aMap collections$vPeriodicals 606 $aGeography libraries$vPeriodicals 606 $aGeographic information systems$vPeriodicals 606 $aCartothèques$vPériodiques 606 $aGéographie$xBibliothèques$vPériodiques 606 $aSystèmes d'information géographique$vPériodiques 606 $aGeographic information systems$2fast$3(OCoLC)fst00940423 606 $aGeography libraries$2fast$3(OCoLC)fst00940562 606 $aMap collections$2fast$3(OCoLC)fst01008662 606 $aSystème d'information géographique$2rasuqam 606 $aGéographie$2rasuqam 606 $aBibliothèque$2rasuqam 606 $aCartothèque$2rasuqam 608 $aPeriodicals.$2fast 608 $aPériodique électronique (Descripteur de forme)$2rasuqam 608 $aRessource Internet (Descripteur de forme)$2rasuqam 610 $aLibrary & Information Science 615 0$aMap collections 615 0$aGeography libraries 615 0$aGeographic information systems 615 6$aCartothèques 615 6$aGéographie$xBibliothèques 615 6$aSystèmes d'information géographique 615 7$aGeographic information systems. 615 7$aGeography libraries. 615 7$aMap collections. 615 7$aSystème d'information géographique. 615 17$aGéographie. 615 7$aBibliothèque. 615 17$aCartothèque. 676 $a910 906 $aJOURNAL 912 $a996218635903316 996 $aJournal of map & geography libraries$92251604 997 $aUNISA LEADER 02582oas 2200853 a 450 001 9910693334203321 005 20260218112425.0 035 $a(DE-599)ZDB2166612-X 035 $a(OCoLC)40448183 035 $a(CONSER) 2002230271 035 $a(CKB)110978978189178 035 $a(DE-599)2166612-X 035 $a(EXLCZ)99110978978189178 100 $a19981207a19459999 sa a 101 0 $aeng 135 $auranu|||||||| 181 $ctxt$2rdacontent 182 $cc$2rdamedia 183 $acr$2rdacarrier 200 10$aHighway statistics 210 $a[Washington, D.C.] $cU.S. Dept. of Transportation, Federal Highway Administration 300 $aSome v. distributed to depository libraries on microfiche, ending with 1998. 311 08$a0095-344X 517 1 $aHighway statistics series 606 $aMotor fuels$xTaxation$zUnited States$vPeriodicals 606 $aRoads$zUnited States$vStatistics$vPeriodicals 606 $aTransportation, Automotive$zUnited States$vStatistics$vPeriodicals 606 $aMotor fuels$xTaxation$2fast$3(OCoLC)fst01027615 606 $aRoads$2fast$3(OCoLC)fst01098511 606 $aTransportation, Automotive$2fast$3(OCoLC)fst01155327 607 $aUnited States$2fast$1https://id.oclc.org/worldcat/entity/E39PBJtxgQXMWqmjMjjwXRHgrq 608 $aPeriodicals.$2fast 608 $aStatistics.$2fast 608 $aPeriodicals.$2lcgft 608 $aStatistics.$2lcgft 615 0$aMotor fuels$xTaxation 615 0$aRoads 615 0$aTransportation, Automotive 615 7$aMotor fuels$xTaxation. 615 7$aRoads. 615 7$aTransportation, Automotive. 676 $a354.4 712 02$aUnited States.$bFederal Highway Administration. 712 02$aUnited States.$bFederal Highway Administration.$bOffice of Highway Information Management. 712 02$aUnited States.$bFederal Highway Administration.$bOffice of Highway Policy Information. 801 0$bUIU 801 1$bUIU 801 2$bOCL 801 2$bOCLCQ 801 2$bGPO 801 2$bOCLCQ 801 2$bGPO 801 2$bOCLCS 801 2$bNSD 801 2$bOCLCQ 801 2$bHEBIS 801 2$bOCLCE 801 2$bOCLCQ 801 2$bOCLCO 801 2$bOCLCQ 801 2$bOCLCF 801 2$bOCLCO 801 2$bOCLCQ 801 2$bGILDS 801 2$bOCLCO 801 2$bOCLCQ 801 2$bCGU 801 2$bOCLCQ 801 2$bOCLCL 801 2$bOCLCQ 906 $aJOURNAL 912 $a9910693334203321 996 $aHighway statistics$93173905 997 $aUNINA